Improvement of surface layer formation technology for articles produced by layer-by-layer laser sintering; Applied Mechanics and Materials; Vol. 379 : Innovation materials and manufacturing technologies, economic aspects in enterprises

Bibliografiske detaljer
Parent link:Applied Mechanics and Materials: Scientific Journal
Vol. 379 : Innovation materials and manufacturing technologies, economic aspects in enterprises.— 2013.— [P. 56-59]
Hovedforfatter: Saprykina N. A. Natalia Anatolyevna
Institution som forfatter: Национальный исследовательский Томский политехнический университет (ТПУ) Юргинский технологический институт (филиал) (ЮТИ) Кафедра технологии машиностроения (ТМС)
Andre forfattere: Saprykin A. A. Aleksandr Aleksandrovich
Summary:Title screen
Mathematical relation between roughness of the surface layer of the sintered article and layer-by-layer laser sintering modes obtained from experiments conducted using copper powder material PMS-1. Authors suggest that split manufacturing process of an article and its inner part must be split to roughing, semi-finishing and finishing modes.
Режим доступа: по договору с организацией-держателем ресурса
Sprog:engelsk
Udgivet: 2013
Fag:
Online adgang:http://dx.doi.org/10.4028/www.scientific.net/AMM.379.56
Format: Electronisk Book Chapter
KOHA link:https://koha.lib.tpu.ru/cgi-bin/koha/opac-detail.pl?biblionumber=639162

MARC

LEADER 00000nla2a2200000 4500
001 639162
005 20231221102055.0
035 |a (RuTPU)RU\TPU\network\3566 
035 |a RU\TPU\network\2284 
090 |a 639162 
100 |a 20150224a2013 k y0engy50 ba 
101 0 |a eng 
102 |a US 
135 |a drcn ---uucaa 
181 0 |a i  
182 0 |a b 
200 1 |a Improvement of surface layer formation technology for articles produced by layer-by-layer laser sintering  |f N. A. Saprykina, А. А. Saprykin 
203 |a Text  |c electronic 
300 |a Title screen 
330 |a Mathematical relation between roughness of the surface layer of the sintered article and layer-by-layer laser sintering modes obtained from experiments conducted using copper powder material PMS-1. Authors suggest that split manufacturing process of an article and its inner part must be split to roughing, semi-finishing and finishing modes. 
333 |a Режим доступа: по договору с организацией-держателем ресурса 
461 0 |0 (RuTPU)RU\TPU\network\5920  |t Applied Mechanics and Materials  |o Scientific Journal 
463 0 |0 (RuTPU)RU\TPU\network\8957  |t Vol. 379 : Innovation materials and manufacturing technologies, economic aspects in enterprises  |o 4th International Research Conference, May 23-25, 2013, Yurga, Russia  |o [proceedings]  |f National Research Tomsk Polytechnic University (TPU) ; ed. D. A. Chinakhov  |v [P. 56-59]  |d 2013 
610 1 |a электронный ресурс 
610 1 |a труды учёных ТПУ 
610 1 |a surface layer quality 
610 1 |a experimental setup 
700 1 |a Saprykina  |b N. A.  |c expert in the field of mechanical engineering  |c Associate Professor of Yurga technological Institute of Tomsk Polytechnic University, Candidate of technical sciences  |f 1977-  |g Natalia Anatolyevna  |3 (RuTPU)RU\TPU\pers\33652  |9 17296 
701 1 |a Saprykin  |b A. A.  |c specialist in the field of mechanical engineering  |c Head of Department of Yurga technological Institute of Tomsk Polytechnic University, Candidate of technical sciences  |f 1977-  |g Aleksandr Aleksandrovich  |9 17903 
712 0 2 |a Национальный исследовательский Томский политехнический университет (ТПУ)  |b Юргинский технологический институт (филиал) (ЮТИ)  |b Кафедра технологии машиностроения (ТМС)  |3 (RuTPU)RU\TPU\col\18902 
801 2 |a RU  |b 63413507  |c 20151016  |g RCR 
856 4 |u http://dx.doi.org/10.4028/www.scientific.net/AMM.379.56 
942 |c CF